000 00677nam a2200277Ia 4500
005 20260324133309.0
008 008 260324s9999 xx 000 0 eng d
020 _a9780429214400
037 _aEBOOK
040 _aCRL
040 _beng
040 _cCRL
041 _2eng
041 _aeng
084 _qCRL
100 _aHarald Kosch
_91192555
245 0 _aDistributed Multimedia Database Technologies Supported by MPEG-7 and MPEG-21
260 _bTaylor and Francis
260 _c2003
365 _a
365 _b340
856 _uhttp://www.taylorfrancis.com/books/9780429214400
942 _cEBOOK
999 _c1791461
_d1791461